[Event "1st Banja Luka it"]
[Site "Banja Luka YUG"]
[Date "1974.10.26"]
[Round "13"]
[White "Popov, Luben"]
[Black "Timman, Jan"]
[Result "1/2-1/2"]
[WhiteElo "2460"]
[BlackElo "2540"]
[EventDate "1974.10.10"]
[PlyCount "98"]

1.c4 Nf6 2.Nc3 g6 3.g3 d5 4.cxd5 Nxd5 5.Bg2 Nb6 6.d3 Bg7 7.Be3 Nc6 8.Bxc6+
bxc6 9.Qc1 h5 10.Nf3 Bg4 11.Nd2 Nd5 12.Nxd5 cxd5 13.d4 O-O 14.f3 Bh3 15.
Nb3 e5 16.Qc3 Re8 17.Kf2 Qe7 18.Rhe1 Rab8 19.Rac1 Rb4 20.Qxc7 Qxc7 21.Rxc7
exd4 22.Bd2 Ra4 23.a3 Rc4 24.Rc1 Rb8 25.Bb4 d3 26.exd3 Rxc1 27.Rxc1 a5 28.
Nxa5 Bd4+ 29.Ke2 Re8+ 30.Kd1 Bg2 31.Rc2 Bxf3+ 32.Kc1 Be2 33.Nc6 Be3+ 34.
Bd2 Bg1 35.Bg5 Bxd3 36.Ne7+ Kg7 37.Rd2 Be4 38.Nxd5 Bxd5 39.Rxd5 Bxh2 40.
Rd3 Re4 41.Bd2 Kf6 42.b4 Kf5 43.b5 Kg4 44.b6 Bxg3 45.b7 Re8 46.Rd4+ Kf3 
47.Rd7 h4 48.Rxf7+ Kg2 49.Bf4 h3 1/2-1/2

[Event "1st Banja Luka it"]
[Site "Banja Luka YUG"]
[Date "1974.10.27"]
[Round "14"]
[White "Ivkov, Borislav"]
[Black "Hartoch, Robert"]
[Result "1-0"]
[WhiteElo "2530"]
[BlackElo "2370"]
[EventDate "1974.10.10"]
[PlyCount "151"]

1.Nf3 g6 2.c4 Bg7 3.d4 c5 4.d5 f5 5.g3 Nf6 6.Bg2 O-O 7.O-O Na6 8.Nc3 d6 9.
Bd2 Nc7 10.a4 Rb8 11.Qc1 e6 12.dxe6 Bxe6 13.b3 Kh8 14.Rd1 Qe7 15.Bf4 Rbd8 
16.Ra2 Nce8 17.Ne1 Ng4 18.Nd3 Ne5 19.Bg5 Nf6 20.Nf4 Rd7 21.Rad2 Nf7 22.
Bxf6 Bxf6 23.Nxe6 Qxe6 24.Bd5 Qe7 25.Bxf7 Rxf7 26.Nd5 Qd8 27.Rd3 Bg7 28.h4
Rf8 29.Qg5 Qxg5 30.hxg5 Re8 31.e3 Kg8 32.Kg2 Kf7 33.Kf3 Rh8 34.g4 fxg4+ 
35.Kxg4 h6 36.gxh6 Rxh6 37.Nf4 Bf8 38.Rd5 Rc7 39.Nh3 Be7 40.Ng5+ Bxg5 41.
Rxg5 Ke6 42.Rgd5 Rd7 43.e4 Rh5 44.R5d2 Re5 45.f3 b6 46.Rh2 Kf6 47.Rh8 Rg5+
48.Kf4 Rg2 49.Ke3 Kg7 50.Rc8 g5 51.Rc6 g4 52.Rdxd6 Rxd6 53.Rxd6 Rg3 54.Kf4
Rxf3+ 55.Kxg4 Rxb3 56.Kf5 Rc3 57.Rd7+ Kf8 58.Rxa7 Rxc4 59.e5 Rh4 60.Ke6 
Rh6+ 61.Kd5 Rh4 62.Kd6 Rd4+ 63.Ke6 c4 64.Rf7+ Ke8 65.Rb7 c3 66.Rxb6 Kf8 
67.Rc6 Rxa4 68.Rc8+ Kg7 69.Rxc3 Ra6+ 70.Ke7 Ra7+ 71.Ke8 Kg6 72.Rc6+ Kf5 
73.e6 Kf6 74.e7+ Kg7 75.Kd8 Ra8+ 76.Rc8 1-0

[Event "1st Banja Luka it"]
[Site "Banja Luka YUG"]
[Date "1974.10.27"]
[Round "14"]
[White "Marovic, Drazen"]
[Black "Popov, Luben"]
[Result "1/2-1/2"]
[WhiteElo "2490"]
[BlackElo "2460"]
[EventDate "1974.10.10"]
[PlyCount "26"]

1.c4 c5 2.Nc3 Nc6 3.g3 g6 4.Bg2 Bg7 5.e3 e6 6.Nge2 Nge7 7.O-O O-O 8.d4 
cxd4 9.Nxd4 Nxd4 10.exd4 d5 11.cxd5 Nxd5 12.Nxd5 exd5 13.Be3 Be6 1/2-1/2

[Event "1st Banja Luka it"]
[Site "Banja Luka YUG"]
[Date "1974.10.27"]
[Round "14"]
[White "Vukic, Milan"]
[Black "Hort, Vlastimil"]
[Result "1/2-1/2"]
[WhiteElo "2425"]
[BlackElo "2600"]
[EventDate "1974.10.10"]
[PlyCount "21"]

1.Nf3 g6 2.d4 Nf6 3.c4 Bg7 4.g3 c6 5.Bg2 d5 6.Nbd2 O-O 7.O-O Bf5 8.b3 Ne4 
9.Bb2 a5 10.Nh4 Nxd2 11.Qxd2 1/2-1/2

[Event "1st Banja Luka it"]
[Site "Banja Luka YUG"]
[Date "1974.10.29"]
[Round "15"]
[White "Hort, Vlastimil"]
[Black "Ivkov, Borislav"]
[Result "1/2-1/2"]
[WhiteElo "2600"]
[BlackElo "2530"]
[EventDate "1974.10.10"]
[PlyCount "25"]

1.c4 Nf6 2.Nf3 e6 3.d4 b6 4.e3 Bb7 5.Bd3 c5 6.O-O cxd4 7.exd4 Be7 8.b3 O-O
9.Bb2 d5 10.Qe2 Nc6 11.Nbd2 Rc8 12.Rac1 Re8 13.Rfd1 1/2-1/2

[Event "1st Banja Luka it"]
[Site "Banja Luka YUG"]
[Date "1974.10.29"]
[Round "15"]
[White "Damjanovic, Mato"]
[Black "Vukic, Milan"]
[Result "0-1"]
[WhiteElo "2460"]
[BlackElo "2425"]
[EventDate "1974.10.10"]
[PlyCount "74"]

1.e4 Nf6 2.e5 Nd5 3.d4 d6 4.Nf3 Bg4 5.Be2 e6 6.O-O Be7 7.c4 Nb6 8.Nc3 O-O 
9.Be3 d5 10.c5 Bxf3 11.gxf3 Nc8 12.Kh1 Bh4 13.Bd3 Ne7 14.f4 g6 15.Rg1 Kh8 
16.Rg2 Rg8 17.a3 Nbc6 18.b4 a6 19.Rb1 b6 20.Bc2 bxc5 21.bxc5 Nf5 22.Bxf5 
gxf5 23.Qh5 Rxg2 24.Kxg2 Qg8+ 25.Kh1 Bd8 26.Ne2 Ne7 27.a4 Ng6 28.Qh3 Be7 
29.Ng1 Rb8 30.Qf1 Rxb1 31.Qxb1 Qe8 32.Qb3 Nh4 33.Bd2 Qg8 34.Qg3 Qb8 35.Nf3
Qb1+ 36.Ng1 Qe4+ 37.f3 Qxd4 0-1

[Event "1st Banja Luka it"]
[Site "Banja Luka YUG"]
[Date "1974.10.29"]
[Round "15"]
[White "Tarjan, James Edward"]
[Black "Mestrovic, Zvonimir"]
[Result "1/2-1/2"]
[WhiteElo "2475"]
[BlackElo "2400"]
[EventDate "1974.10.10"]
[PlyCount "63"]

1.e4 e5 2.Nf3 Nc6 3.Bb5 a6 4.Ba4 d6 5.O-O Bg4 6.h3 h5 7.Bxc6+ bxc6 8.d4 
Qf6 9.dxe5 dxe5 10.Be3 Bxf3 11.Qxf3 Qxf3 12.gxf3 Ne7 13.f4 exf4 14.Bxf4 
O-O-O 15.Na3 Ng6 16.Be3 Re8 17.f3 f5 18.exf5 Rxe3 19.fxg6 Rh6 20.Nc4 Rxg6+
21.Kh1 Re2 22.Rae1 Rgg2 23.Rxe2 Rxe2 24.c3 Bc5 25.Rd1 h4 26.Rd2 Re1+ 27.
Kg2 Rg1+ 28.Kh2 Rg3 29.Rg2 Rxf3 30.Rxg7 Rf2+ 31.Rg2 Rf4 32.Rg4 1/2-1/2

[Event "1st Banja Luka it"]
[Site "Banja Luka YUG"]
[Date "1974.10.29"]
[Round "15"]
[White "Popov, Luben"]
[Black "Bukic, Enver"]
[Result "1/2-1/2"]
[WhiteElo "2460"]
[BlackElo "2450"]
[EventDate "1974.10.10"]
[PlyCount "32"]

1.c4 Nf6 2.Nc3 e6 3.Nf3 d5 4.d4 Be7 5.Bg5 O-O 6.e3 c6 7.cxd5 Nxd5 8.Bxe7 
Qxe7 9.Ne5 Nd7 10.Nxd5 cxd5 11.Nxd7 Qb4+ 12.Qd2 Qxd2+ 13.Kxd2 Bxd7 14.Bd3 
Rfc8 15.Rhc1 h6 16.Rxc8+ Rxc8 1/2-1/2

[Event "1st Banja Luka it"]
[Site "Banja Luka YUG"]
[Date "1974.10.29"]
[Round "15"]
[White "Planinc, Albin"]
[Black "Marovic, Drazen"]
[Result "1/2-1/2"]
[WhiteElo "2545"]
[BlackElo "2490"]
[EventDate "1974.10.10"]
[PlyCount "74"]

1.e4 e6 2.d4 d5 3.Nc3 Bb4 4.e5 c5 5.a3 Bxc3+ 6.bxc3 Ne7 7.Nf3 Bd7 8.Be2 
Ba4 9.O-O Nd7 10.Re1 Qc7 11.Bd3 h6 12.Nh4 g5 13.Nf3 c4 14.Bf1 O-O-O 15.h4 
gxh4 16.Nxh4 Ng6 17.Nxg6 fxg6 18.g3 g5 19.Bh3 Nf8 20.f4 gxf4 21.Bxf4 Qh7 
22.Re2 Qg6 23.Qd2 Nh7 24.Rf1 Rdf8 25.Ref2 Bd7 26.Bg2 Rf5 27.Bxh6 Rxf2 28.
Kxf2 Ba4 29.Qf4 Bxc2 30.g4 Rg8 31.Kg3 Ba4 32.Bf3 Be8 33.Kh3 Kd7 34.Rf2 Rh8
35.Kg3 Rg8 36.Kh4 Rh8 37.Kg3 Rg8 1/2-1/2

[Event "1st Banja Luka it"]
[Site "Banja Luka YUG"]
[Date "1974.10.29"]
[Round "15"]
[White "Mihaljcisin, Mihajlo"]
[Black "Timman, Jan"]
[Result "0-1"]
[WhiteElo "2320"]
[BlackElo "2540"]
[EventDate "1974.10.10"]
[PlyCount "80"]

1.e4 g6 2.d4 Bg7 3.Nc3 d6 4.f4 c6 5.a4 d5 6.e5 h5 7.Nf3 Bg4 8.Be2 e6 9.O-O
Nh6 10.Be3 Bf8 11.h3 Nf5 12.Bf2 Bxf3 13.Bxf3 h4 14.Ne2 Nd7 15.Qd3 Be7 16.
c4 dxc4 17.Qxc4 Nb6 18.Qc1 Rc8 19.Rd1 Kf8 20.Nc3 Kg7 21.Ne4 Nd5 22.Nc5 b6 
23.Nd3 a5 24.Qd2 Qd7 25.Rac1 Rc7 26.Rc4 Rhc8 27.Rdc1 Qd8 28.Kh2 c5 29.dxc5
Nb4 30.Be4 Bxc5 31.Bxc5 bxc5 32.Qe2 Ng3 33.Qe3 Nxe4 34.Nxb4 cxb4 35.Qxe4 
Rxc4 36.Rxc4 Rxc4 37.Qxc4 Qd2 38.b3 Qc3 39.Qb5 Qxb3 40.Qxa5 Qc4 0-1

[Event "1st Banja Luka it"]
[Site "Banja Luka YUG"]
[Date "1974.10.29"]
[Round "15"]
[White "Hartoch, Robert"]
[Black "Kuzmin, Gennady"]
[Result "0-1"]
[WhiteElo "2370"]
[BlackElo "2600"]
[EventDate "1974.10.10"]
[PlyCount "86"]

1.c4 e5 2.Nc3 Nf6 3.g3 Bb4 4.Bg2 O-O 5.e4 Bxc3 6.dxc3 d6 7.Qe2 a6 8.Nf3 
Nbd7 9.O-O Nc5 10.Ne1 b5 11.Nd3 Nxd3 12.Qxd3 bxc4 13.Qxc4 a5 14.Rd1 Be6 
15.Qa4 Qb8 16.Qc2 a4 17.Bg5 Nd7 18.Be3 Qb5 19.Rd2 Rfb8 20.Bf1 Qc6 21.f4 
Nf6 22.f5 Bc4 23.Bg2 Rb5 24.Bg5 Qb6+ 25.Kh1 Ng4 26.Bf1 Bxf1 27.Rxf1 Rb8 
28.Rb1 h6 29.h3 hxg5 30.hxg4 Qc6 31.Qd3 Rc5 32.Rc1 Rc4 33.Re2 Rb5 34.Qe3 
Rxb2 35.Rxb2 Rxe4 36.Rb8+ Kh7 37.Qxe4 Qxe4+ 38.Kh2 Qxg4 39.Rf1 Qe2+ 40.Kg1
g4 41.Rf8 Qxa2 42.Rf2 Qb1+ 43.Kg2 a3 0-1